|
|
|
|
| LEADER |
00000nam0a2200000 4500 |
| 001 |
268502 |
| 005 |
20231101234155.0 |
| 010 |
|
|
|a 9785406039083
|
| 035 |
|
|
|a (RuTPU)RU\TPU\book\291653
|
| 090 |
|
|
|a 268502
|
| 100 |
|
|
|a 20140904d2015 m y0rusy50 ca
|
| 101 |
0 |
|
|a rus
|
| 102 |
|
|
|a RU
|
| 105 |
|
|
|a y j 001zy
|
| 200 |
1 |
|
|a Логика
|e учебное пособие
|f Ю. П. Попов
|
| 205 |
|
|
|a 3-е изд., перераб. и доп.
|
| 210 |
|
|
|a Москва
|c КноРус
|d 2015
|
| 215 |
|
|
|a 295 с.
|
| 320 |
|
|
|a Библиогр.: с. 295.
|
| 330 |
|
|
|a Содержит основные темы курса «Логика», соответствующие общепринятой программе преподавания этой дисциплины. Благодаря простоте изложения и легкости стиля полезно не только как учебное пособие, но и как популяризирующее эту дисциплину издание. Много внимания уделяется философско-методологическим проблемам логики. Для студентов высших учебных заведений, а также для всех изучающих логику и интересующихся логико-методологическими проблемами познания.
|
| 606 |
1 |
|
|a Логика
|2 stltpush
|3 (RuTPU)RU\TPU\subj\40551
|9 60396
|
| 610 |
1 |
|
|a философия
|
| 610 |
1 |
|
|a история
|
| 610 |
1 |
|
|a понятия
|
| 610 |
1 |
|
|a суждения
|
| 610 |
1 |
|
|a законы
|
| 610 |
1 |
|
|a умозаключения
|
| 610 |
1 |
|
|a доказательства
|
| 610 |
1 |
|
|a символическая логика
|
| 610 |
1 |
|
|a высказывания
|
| 610 |
1 |
|
|a предикаты
|
| 610 |
1 |
|
|a логическое конструирование
|
| 610 |
1 |
|
|a учебные пособия
|
| 686 |
|
|
|a Ю4я73
|v LBC/SL-A
|2 rubbk
|
| 700 |
|
1 |
|a Попов
|b Ю. П.
|g Юрий Петрович
|
| 801 |
|
1 |
|a RU
|b 63413507
|c 20140904
|
| 801 |
|
2 |
|a RU
|b 63413507
|c 20150630
|g RCR
|
| 900 |
|
|
|a Логика
|
| 942 |
|
|
|c BK
|
| 953 |
|
|
|b 030100
|l 8
|
| 959 |
|
|
|a 124/20140904
|d 2
|e 299,00
|f ЧЗГЛ:1
|f АНЛ:1
|